Statistics for English Alphabet

Click here to take the quiz!

General Stats

  • This quiz has been taken 78 times
  • The average score is 48 of 52

Answer Stats

English Alphabet Letters% Correct
A
98%
a
98%
B
94%
b
94%
D
94%
d
94%
G
94%
g
94%
J
94%
j
94%
q
94%
Q
94%
x
94%
X
94%
Z
94%
z
94%
c
92%
C
92%
E
92%
e
92%
f
92%
F
92%
h
92%
H
92%
I
92%
i
92%
K
92%
k
92%
L
92%
l
92%
M
92%
m
92%
N
92%
n
92%
O
92%
o
92%
p
92%
P
92%
R
92%
r
92%
S
92%
s
92%
t
92%
T
92%
U
92%
u
92%
v
92%
V
92%
W
92%
w
92%
Y
92%
y
92%

Score Distribution

Percentile by Number Answered

Percent of People with Each Score

Your Score History

You have not taken this quiz